000 00421nam a22001577a 4500
005 20180816120904.0
008 160524b xxu||||| |||| 00| 0 eng d
041 _aeng
082 _b4622
_a658.4012
100 _aLomash, Sukul & Mishra, P.k.
_91146
245 _aBusiness Policy and Strategic Management
260 _aNew Delhi
_bAcademic Faundation
_c2007
300 _a370p,
650 _aManagement
_9241
942 _cBK
999 _c1558
_d1557